| 000 | 00549nam a22001577a 4500 | ||
|---|---|---|---|
| 082 |
_a624.152 _bGOV _cL-16, P-11 |
||
| 110 |
_aGovt of Punjab Rwp _942650 |
||
| 245 |
_aRasul manual no.8 for subordinate engieers earthwork / _cGovt of Punjab Rwp |
||
| 260 |
_aPakisan : _bGovt of Punja Pubic Works Department Building and Road Branch. _cc1955. |
||
| 300 | _a59 p. : | ||
| 526 |
_a0 _b0 _c0 _d624_152000000000000_GOV |
||
| 526 |
_a0 _b0 _c0 _d624_152000000000000_GOV |
||
| 526 |
_a0 _b0 _c0 _d624_152000000000000_GOV |
||
| 650 |
_aMCE _9379 |
||
| 942 |
_2ddc _cBK |
||
| 999 |
_c546504 _d546504 |
||